00549nam a22001577a 450000500170000000800410001702000180005804100130007608200150008910000130010424501450011725000190026226000530028130000320033465000250036620231124143018.0231124b |||||||| |||| 00| 0 eng d a9789991642123 aEnglish  a340.5 HIN  lEnglish  aCustomary Law Ascertained : bThe Customary Law of the Nama, Ovaherero, Ovambanderu and San Communities of Namibia / cedited by A Gairiseb  aFirst Edition  aWindhoek : bUniversity of Namibia Press, c2016 bxvii, 569 pages ; c25 cm.  aLegal practice bLaw